000 00591nam a2200157 4500
003 LK-CoMWRAF
005 20240217003637.0
008 231210b |||||||| |||| 00| 0 eng d
020 _a9789556250299
040 _aLK-CoMWRAF
_dLK-CoMWRAF
_eLK-CoMWRAF
082 _a370
_bARA
245 _aஅரபிக் கல்லூரிகள் மூலம் அமைதி கல்வி :
_bஆசிரியர்களுக்கான வழிகாட்டுதல்
260 _aColombo :
_bMuslim Women's Research and Action Forum - MWRAF,
_c2008
300 _a52 p.
942 _cBK
999 _c4329
_d4329